<?xml version="1.0" encoding="UTF-8"?>
<record
    xmlns:xsi="http://www.w3.org/2001/XMLSchema-instance"
    xsi:schemaLocation="http://www.loc.gov/MARC21/slim http://www.loc.gov/standards/marcxml/schema/MARC21slim.xsd"
    xmlns="http://www.loc.gov/MARC21/slim">

  <leader>00403nam a22001457a 4500</leader>
  <controlfield tag="005">20170912113020.0</controlfield>
  <controlfield tag="008">170912b        xxu||||| |||| 00| 0 eng d</controlfield>
  <datafield tag="040" ind1=" " ind2=" ">
    <subfield code="c">PK-LaUMT</subfield>
  </datafield>
  <datafield tag="082" ind1=" " ind2=" ">
    <subfield code="a">PKAC 297.09203</subfield>
    <subfield code="b">NAA-M</subfield>
  </datafield>
  <datafield tag="100" ind1=" " ind2=" ">
    <subfield code="a">Naaz , M.S.</subfield>
  </datafield>
  <datafield tag="245" ind1=" " ind2=" ">
    <subfield code="a">Muslim shakhsiat ka encychlopedia/</subfield>
    <subfield code="c">M.S. Naaz</subfield>
  </datafield>
  <datafield tag="260" ind1=" " ind2=" ">
    <subfield code="a">&#x644;&#x627;&#x6C1;&#x648;&#x631;:</subfield>
    <subfield code="b">&#x645;&#x637;&#x628;&#x648;&#x639;&#x627;&#x62A; &#x634;&#x6CC;&#x62E; &#x63A;&#x644;&#x627;&#x645; &#x639;&#x644;&#x6CC;&#x60C;</subfield>
    <subfield code="c">[ ]</subfield>
  </datafield>
  <datafield tag="300" ind1=" " ind2=" ">
    <subfield code="a">[ ]</subfield>
  </datafield>
  <datafield tag="942" ind1=" " ind2=" ">
    <subfield code="c">BK</subfield>
  </datafield>
  <datafield tag="999" ind1=" " ind2=" ">
    <subfield code="c">98114</subfield>
    <subfield code="d">98114</subfield>
  </datafield>
  <datafield tag="952" ind1=" " ind2=" ">
    <subfield code="0">0</subfield>
    <subfield code="1">0</subfield>
    <subfield code="4">0</subfield>
    <subfield code="7">0</subfield>
    <subfield code="a">01</subfield>
    <subfield code="b">01</subfield>
    <subfield code="d">2017-09-12</subfield>
    <subfield code="l">0</subfield>
    <subfield code="o">PKAC 297.09203 NAA-M</subfield>
    <subfield code="p">113743</subfield>
    <subfield code="r">2017-09-12 00:00:00</subfield>
    <subfield code="w">2017-09-12</subfield>
    <subfield code="y">BK</subfield>
  </datafield>
</record>
